| 000 | 01083nam a2200253 i 4500 | ||
|---|---|---|---|
| 001 | 87377 | ||
| 003 | ES-MaACL | ||
| 005 | 20250819164919.0 | ||
| 007 | t| | ||
| 008 | 041221s1949 mx ||||1| spa d | ||
| 100 | 1 |
_aKohn, Hans. _968491 |
|
| 245 | 1 | 0 |
_aHistoria del nacionalismo / _cpor Hans Kohn ; [traducción de Samuel Cosío Villegas]. |
| 250 | _a[1ª ed. en español]. | ||
| 260 |
_aMéxico, etc. : _bFondo de Cultura Económica de México, _c[1949] ( _fGráfica Panamericana) |
||
| 300 |
_a631 p. ; _c24 cm. |
||
| 510 |
_aCCPB, _c001009554-3. |
||
| 650 | 7 |
_aNacionalismo _2embne _915438 |
|
| 700 | 1 |
_aCosío Villegas, Samuel. _940998 |
|
| 852 |
_aES-MaACL _jD-6386 _bR.30154 _bR.M.5981 _990575 _cSVI _fSello en tinta azul de la Biblioteca del Ateneo de Madrid. _gAnotación manuscrita a lápiz en hoja de guarda posterior: "110". _xEncuadernación en piel azul. |
||
| 942 |
_2udc _cMONOGRAFIA |
||
| 999 |
_c87377 _d87377 |
||